Magnetic and electromagnetic treatment of the nutrient solution in arugula hydroponic cultivation (Registro n. 329199)
[ somente texto ]
| 000 -LÍDER | |
|---|---|
| fixed length control field | 03343nab a2200325 i 4500 |
| 003 - CÓDIGO MARC DA AGÊNCIA CATALOGADORA | |
| Campo de controle | BR-BrBNA |
| 005 - DATA E HORA DA ÚLTIMA ATUALIZAÇÃO | |
| Campo de controle | 20241212104823.0 |
| 008 - CAMPO DE TAMANHO FIXO | |
| fixed length control field | 241212b2024 bl.ar|pooa||| 00| 0 eng | |
| 040 ## - FONTE DA CATALOGAÇÃO | |
| Agência catalogadora | BR-BrBNA |
| Idioma da catalogação | eng |
| 072 ## - CATEGORIA AGRIS | |
| Código AGRIS | F01 |
| Código do objeto | 1690 |
| 072 ## - CATEGORIA AGRIS | |
| Código AGRIS | F61 |
| 100 ## - ENTRADA PRINCIPAL - NOME PESSOAL | |
| Nome pessoal | Téllez, Hayver Olaya |
| 100 ## - ENTRADA PRINCIPAL - NOME PESSOAL | |
| Nome pessoal | Putti, Fernando Ferrari |
| 100 ## - ENTRADA PRINCIPAL - NOME PESSOAL | |
| Nome pessoal | Villas Bôas, Roberto Lyra |
| 245 ## - TÍTULO PRINCIPAL | |
| Título principal | Magnetic and electromagnetic treatment of the nutrient solution in arugula hydroponic cultivation |
| 500 ## - NOTA GERAL | |
| Nota geral | Publicação online; 48 ref.; 7 illus.; Summaries (En, Pt) |
| 942 ## - ADDED ENTRY ELEMENTS (KOHA) | |
| Koha item type | Analítica |
| 520 ## - NOTA DE RESUMO | |
| Nota de conteúdo | <br/><br/><br/>ABSTRACT - Hydroponic cultivation is relevant in vegetable production due to the efficient use of resources, plant growth control, high yields and good quality of harvested products. This study aimed to assess the effects of magnetic and electromagnetic treatments of the nutrient solution on the hydroponic arugula production. The treatments comprised the exposition of the nutrient solution to magnetism, electromagnetism and conventional cultivation (control) monitored during four periods (7, 14, 21 and 28 days after transplanting), with four replicates for each treatment. The experiment followed a completely randomized factorial design. The magnetic treatment led to gains in plant growth and yield, in addition to reducing the presence of algae in roots, as well as increasing the concentrations of magnesium, manganese and iron in the development of the arugula crop under hydroponic cultivation, but with no direct effect on plant growth.<br/><br/><br/>KEYWORDS: Eruca sativa, hydroponic cultivation, plant nutrition |
| 520 ## - NOTA DE RESUMO | |
| Nota de conteúdo | <br/><br/><br/>RESUMO - Tratamento magnético e eletromagnético da solução nutritiva na produção hidropônica de rúcula - O cultivo hidropônico é relevante na produção de hortaliças devido ao uso eficiente de recursos, controle do desenvolvimento das plantas, elevada produtividade e boa qualidade dos produtos colhidos. Objetivou-se quantificar os efeitos de tratamentos magnético e eletromagnético na solução nutritiva sobre a produção de rúcula hidropônica. Os tratamentos incluíram exposição da solução nutritiva a magnetismo, eletromagnetismo e cultivo convencional (controle), com monitoramento ao longo de quatro períodos (7, 14, 21 e 28 dias após o transplante), e quatro repetições para cada tratamento. Utilizou-se delineamento inteiramente ao acaso, em esquema fatorial. O tratamento magnético proporciona ganhos no desenvolvimento e produtividade e reduz a presença de algas na raiz, bem como aumenta a concentração de magnésio, manganês e ferro no desenvolvimento da cultura de rúcula hidropônica, embora sem implicações diretas no desenvolvimento das plantas.<br/><br/><br/>PALAVRAS-CHAVE: Eruca sativa, cultivo hidropônico, nutrição vegetal. |
| 650 ## - ASSUNTO - THESAGRO | |
| Cabeçalho tópico ou nome geográfico | RÚCULA |
| 650 ## - ASSUNTO - THESAGRO | |
| Cabeçalho tópico ou nome geográfico | HORTALIÇA FOLHOSA |
| 650 ## - ASSUNTO - THESAGRO | |
| Cabeçalho tópico ou nome geográfico | CULTIVO HIDROPÔNICO |
| 650 ## - ASSUNTO - THESAGRO | |
| Cabeçalho tópico ou nome geográfico | NUTRIÇÃO VEGETAL |
| 650 ## - ASSUNTO - THESAGRO | |
| Cabeçalho tópico ou nome geográfico | SOLUÇÃO NUTRITIVA |
| 650 ## - ASSUNTO - THESAGRO | |
| Cabeçalho tópico ou nome geográfico | ABSORÇÃO DE NUTRIENTES |
| 650 ## - ASSUNTO - THESAGRO | |
| Cabeçalho tópico ou nome geográfico | RENDIMENTO |
| 773 0# - ENTRADA ANALÍTICA | |
| Host Biblionumber | 3248 |
| Registro do item | 317349 |
| Imprenta | Goiânia-GO UFG. Escola de Agronomia 1999 |
| Outro identificador | 2024-4001 |
| Título | Pesquisa Agropecuária Tropical (Brazil) |
| ISSN | 1517-6398 |
| Colação | v. 54 p 1-10; (2024) |
| Número de controle de registro | BR2024003980 |
| 856 ## - ACESSO E ENDEREÇO ELETRÔNICO | |
| Identificador uniforme de recurso - URI | https://www.scielo.br/j/pat/a/T9WhmKX8HDW57shphFc3Y9t/?format=pdf&lang=en |
Nenhum exemplar disponível.

BINAGRI